000 00397 a2200157 4500
001 178570
020 _a
040 _cMagnum
100 _aGlobo
240 1 0 _aRevista globo ciencia:a vida genial e tragica de santos dumont
_lpor
245 1 0 _aRevista globo ciencia:a vida genial e tragica de santos dumont
362 0 _a1899
440 1 _aGlobo
697 _aMAGNITO: A/GERAL
942 _cBK
999 _c178570
_d178570